How to sing higher and lower

Salvato in:
Dettagli Bibliografici
Autore principale: Silverman, Jerry (Autore)
Natura: Libro
Lingua:inglese
Pubblicazione: Nueva York Saw Mill Music 1983
Soggetti:
Tags: Aggiungi Tag
Nessun Tag, puoi essere il primo ad aggiungerne!!

MARC

LEADER 00000nam a2200000 a 4500
001 UCN8463
003 CL-VaPUC
008 011109e19830000US |||||||||||||||||eng|d
082 0 4 |a 783.007  |b SIL  |2 21 
100 0 |a Silverman, Jerry  |e author  |9 464719 
245 1 0 |a How to sing higher and lower 
300 |a 95 p 
942 |c BK 
945 |d 20011109 00:00:00  |a crobeson 
260 |a Nueva York  |b Saw Mill Music  |c 1983 
650 7 |a CANTO - ESTUDIO E INSTRUCCION  |2 CL-VaPUC  |9 464720 
650 7 |a CANTO - TECNICAS DE EJECUCION  |2 CL-VaPUC  |9 464721 
650 7 |a CANTO - EJERCICIOS  |2 CL-VaPUC  |9 464722 
583 |a last modification  |c 20011109 00:00:00  |k Rodrigo Vera 
999 |c 298350  |d 298348 
952 |0 0  |1 0  |4 0  |6 783_007000000000000_SIL_1983  |7 0  |8 F  |9 353864  |a BIBEDU  |b BIBEDU  |d 2019-11-21  |i 3743799  |o 783.007 SIL 1983  |p 3743799  |r 2023-01-12  |w 2019-11-21  |y BK_F  |k MUS